| 000 | 00829nam a2200205 a 4500 | ||
|---|---|---|---|
| 008 | 120416s1997 ||||||||||||||||| || u | ||
| 020 | _a1572313730 | ||
| 050 | _aQA 76.76.O63 Mic | ||
| 100 | _aCandib, Saul | ||
| 245 | 1 | 0 |
_aMicrosft windows NT technical support training _cedited by Saul Candib |
| 246 | _aMicrosoft Corporation | ||
| 260 |
_aWashington, DC _bMicrosoft Press _c1997 |
||
| 300 | _axxxix, 771p. : ill. | ||
| 350 | _a0.00 | ||
| 650 | _aMICROSOFT WINDOWS NT | ||
| 650 | _aCOMPUTERS | ||
| 650 | 0 | _aOPERATING SYSTEMS--COMPUTERS | |
| 995 |
_aREFERENCE BOOKS _D0.00 _e73438 _FCBU-MAIN LIBRARY (Kitwe) _H2 _I149.50 _jQA 76 .76.O63 Mic _M2 _UREFERENCE _y47927 _ZReference Collection |
||
| 995 |
_aREFERENCE BOOKS _D0.00 _e734327 _FCBU-MAIN LIBRARY (Kitwe) _H1 _I149.50 _jQA 76 .76.O63 Mic _M1 _UREFERENCE _y46606 _ZReference Collection |
||
| 999 |
_c77561 _d77561 |
||